LEADER 00934nam--2200325---450- 001 990003247780203316 005 20090519123356.0 035 $a000324778 035 $aUSA01000324778 035 $a(ALEPH)000324778USA01 035 $a000324778 100 $a20090519d1960----km-y0itay50------ba 101 $aeng 102 $aUS 105 $aa---||||001yy 200 1 $aAlgebra and trigonometry with analytic geometry$fEdward A. Cameron 205 $athird edition 210 $aNew York$cHolt-Reinhart-Winston$d1960 215 $aXIV, 463 p.$cill.$d23 cm 606 0 $aAlgebra 676 $a515.16 700 1$aCAMERON,$bEdward A.$0604239 801 0$aIT$bsalbc$gISBD 912 $a990003247780203316 951 $a515.16 CAM$b7431/CBS$c515.16$d00220574 959 $aBK 969 $aSCI 979 $aRSIAV7$b90$c20090519$lUSA01$h1233 996 $aAlgebra and trigonometry with analytic geometry$91012961 997 $aUNISA LEADER 01135nam a2200301 i 4500 001 991000929029707536 005 20020507104002.0 008 980403s1991 uk ||| | eng 020 $a0080407870 035 $ab1014948x-39ule_inst 035 $aLE00639282$9ExL 040 $aDip.to Fisica$bita 084 $a52.9.523 084 $a559.9'23 084 $aQB641.C684 111 2 $aCOSPAR Colloquium on the environmental model of Mars$0461902 245 14$aThe environmental model of Mars :$bproceedings of the 2nd COSPAR Colloquium held in Sopron, Hungary, 22-26 January 1990 /$cedited by K. Szego 260 $aOxford :$bPergamon,$c1991 300 $avi, 161 p. ;$c28 cm. 490 0 $aCOSPAR Colloquia series ;$v2 650 4$aAstronautics in astronomy$xCongresses 700 1 $aSzego, Karoly 907 $a.b1014948x$b17-02-17$c27-06-02 912 $a991000929029707536 945 $aLE006 52.9.52+52.9.56 SZE$g1$i2006000069069$lle006$o-$pE0.00$q-$rl$s- $t0$u0$v0$w0$x0$y.i1017851x$z27-06-02 996 $aEnvironmental model of Mars$9187657 997 $aUNISALENTO 998 $ale006$b01-01-98$cm$da $e-$feng$guk $h4$i1